002810000a220007300045001000016000002450119000163000056001357730016001911 aPowell, Jim10aThomas Babington Macaulay --Extraordinary eloquence for liberty : The inpiring life of the great English historian aVol. 46, Num. 10 (Octubre, 1996), Páginas 698-7050 tThe Freeman